| 000 | 00685nam a22002172 4500 | ||
|---|---|---|---|
| 001 | 0000020119 | ||
| 005 | 20151217152208.0 | ||
| 008 | 110704s xx 000 0 eng d | ||
| 020 | _a0463033199 : | ||
| 040 |
_aKABU _cKABU |
||
| 245 | 1 | 0 |
_aPostmortem : _bthe O. J. Simpson case / _cedited by Jeffrey Abramson. |
| 250 | _a1st ed. | ||
| 260 |
_aNew York : _bHarperCollins, _c1996. |
||
| 300 | _axvi, 239 p. | ||
| 600 | 1 | 0 |
_aSimpson, O. J., 1947. _@0000180203 |
| 650 | 0 |
_aTrials (Murder) _zCalifornia _zLos Angeles. _@0000180204 |
|
| 700 | 1 |
_aAbramson, Jeffrey. _@0000180205 |
|
| 852 | 1 | _9p500 KES | |
| 908 | _a110704 | ||
| 950 | _@1 | ||
| 999 |
_c9194 _d9194 |
||